Największe miasta podkarpackiego kończące się A-Z - Statystyki

Ogólne statystyki
  • Ten quiz został rozwiązany 30 razy
  • Średni wynik to 9 z 14
Statystyki odpowiedzi
Litera Przybliżona populacja MIasto % Poprawnych
O 40 tys. Krosno
100%
W 200 tys. Rzeszów
100%
L 55 tys. Przemyśl
93%
C 60 tys. Mielec
90%
G 40 tys. Tarnobrzeg
86%
T 18 tys. Łańcut
79%
K 35 tys. Sanok
79%
A 55 tys. Stalowa Wola
76%
I 12 tys. Sedziszów Małopolski
59%
E 16 tys. Ropczyce
48%
J 1,5 tys. Iwonicz-Zdrój
45%
M 6 tys. Rudnik nad Sanem
28%
Z 5 tys. Zagórz
28%
N 4,5 tys. Tyczyn
21%
Nie znaleziono quizów pasujących do podanych kryteriów
Rozkład punktacji
Procent ludzi z każdym wynikiem
Percentyl według liczby udzielonych odpowiedzi
Twoja historia wyników
Nie rozwiązałeś tego quizu